| 000 | 00745nam a2200217Ii 4500 | ||
|---|---|---|---|
| 003 | JO-AjNU | ||
| 008 | 230606s9999||||xx |||||||||||||| ||und|| | ||
| 020 | _a978-981-06-7993-4/981-06-7993-9 | ||
| 040 |
_aJO-AjNU _beng _erda _cJO-AjNU |
||
| 041 | _aeng | ||
| 050 | 1 | 4 | _aHF5415.13.M35232.2009 |
| 100 | 3 |
_aKotler,Philip/Kevin Lane Keller/Swee Hoon Ang/Siew Meng Leong/Chin Tiong Tan, _eauthor _91802 |
|
| 245 | 0 | 0 | _a Marketing Management:An Asian Perspective |
| 250 | _a5th ed | ||
| 264 | 3 | 1 | _aSingapore:Prentice Hall,2009 |
| 300 |
_a750p _bappendix(A2-15),glossary(G2-8) indexes(I1-19) |
||
| 336 |
_atext _btxt _2rdacontent |
||
| 337 |
_aunmediated _bn _2rdamedia |
||
| 338 |
_avolume _bnc _2rdacarrier |
||
| 650 | 4 |
_a Marketing-Management _91803 |
|
| 999 |
_aE950 _c950 _d950 |
||